[Event "Baku Chess Olympiad | Open"]
[Site "chess24.com"]
[Date "2016.09.03"]
[Round "2"]
[White "Kavinda, Akila"]
[Black "Nanjo, Ryosuke"]
[Result "1/2-1/2"]
[Board "2"]
[WhiteID "9901302"]
[WhiteElo "2020"]
[WhiteCountry "SRI"]
[WhiteFideId "9901302"]
[WhiteEloChange "7"]
[BlackID "7000634"]
[BlackElo "2340"]
[BlackTitle "IM"]
[BlackCountry "JPN"]
[BlackFideId "7000634"]
[BlackEloChange "-7"]

1. d4 {[%clk 1:30:32]} Nf6 {[%clk 1:30:51]} 2. Nf3 {[%clk 1:30:39]} g6 {[%clk
1:31:14]} 3. c4 {[%clk 1:30:14]} Bg7 {[%clk 1:31:40]} 4. Nc3 {[%clk 1:30:40]} O-O
{[%clk 1:32:04]} 5. e4 {[%clk 1:31:07]} d6 {[%clk 1:32:29]} 6. h3 {[%clk
1:31:06]} e5 {[%clk 1:32:53]} 7. d5 {[%clk 1:31:33]} a5 {[%clk 1:33:13]} 8. Bg5
{[%clk 1:28:24]} Na6 {[%clk 1:33:01]} 9. g4 {[%clk 1:23:27]} Qe8 {[%clk 1:30:04]}
10. Nd2 {[%clk 1:21:14]} Nd7 {[%clk 1:29:23]} 11. a3 {[%clk 1:18:07]} Nb6 {[%clk
1:27:04]} 12. Be2 {[%clk 1:09:59]} a4 {[%clk 1:22:48]} 13. Qc2 {[%clk 1:06:11]}
Nc5 {[%clk 1:20:47]} 14. O-O-O {[%clk 0:51:36]} c6 {[%clk 1:17:47]} 15. Kb1
{[%clk 0:42:19]} Bd7 {[%clk 1:12:07]} 16. Rc1 {[%clk 0:39:02]} Rc8 {[%clk
0:59:51]} 17. Qd1 {[%clk 0:34:41]} Na8 {[%clk 0:46:48]} 18. h4 {[%clk 0:24:59]}
Nc7 {[%clk 0:42:09]} 19. h5 {[%clk 0:24:46]} cxd5 {[%clk 0:40:37]} 20. cxd5
{[%clk 0:17:57]} Nb5 {[%clk 0:36:42]} 21. Nxb5 {[%clk 0:17:35]} Bxb5 {[%clk
0:37:05]} 22. Qf1 {[%clk 0:14:41]} Bd7 {[%clk 0:30:20]} 23. hxg6 {[%clk 0:13:18]}
hxg6 {[%clk 0:28:44]} 24. Qh3 {[%clk 0:12:38]} f6 {[%clk 0:28:49]} 25. Qh7+
{[%clk 0:09:37]} Kf7 {[%clk 0:29:16]} 26. Rh6 {[%clk 0:06:28]} fxg5 {[%clk
0:25:34]} 27. Qxg6+ {[%clk 0:06:50]} Kg8 {[%clk 0:21:28]} 28. Qh7+ {[%clk
0:07:16]} Kf7 {[%clk 0:21:47]} 29. Rc3 {[%clk 0:05:26]} Ke7 {[%clk 0:17:03]} 30.
Qxg7+ {[%clk 0:05:16]} Kd8 {[%clk 0:17:02]} 31. Qxg5+ {[%clk 0:04:00]} Qe7 {[%clk
0:16:30]} 32. Qxe7+ {[%clk 0:03:02]} Kxe7 {[%clk 0:16:59]} 33. Rh7+ {[%clk
0:02:55]} Rf7 {[%clk 0:15:19]} 34. Rch3 {[%clk 0:02:38]} Rf8 {[%clk 0:13:28]} 35.
f3 {[%clk 0:02:28]} b5 {[%clk 0:12:35]} 36. Rxf7+ {[%clk 0:02:03]} Rxf7 {[%clk
0:11:55]} 37. Rh6 {[%clk 0:02:23]} Bxg4 {[%clk 0:10:48]} 38. Rg6 {[%clk 0:00:43]}
Bd7 {[%clk 0:10:51]} 39. Kc2 {[%clk 0:00:56]} Rh7 {[%clk 0:09:56]} 40. Rg2 {[%clk
0:30:52]} Rh1 {[%clk 0:39:25]} 41. b4 {[%clk 0:25:12]} axb3+ {[%clk 0:37:37]} 42.
Nxb3 {[%clk 0:25:37]} Nxb3 {[%clk 0:37:08]} 43. Kxb3 {[%clk 0:26:04]} Rb1+ {[%clk
0:37:28]} 44. Kc2 {[%clk 0:23:43]} Ra1 {[%clk 0:37:17]} 45. Kb2 {[%clk 0:23:53]}
Re1 {[%clk 0:37:37]} 46. Kc3 {[%clk 0:23:16]} Rc1+ {[%clk 0:37:32]} 47. Kb4
{[%clk 0:19:44]} Rb1+ {[%clk 0:37:45]} 48. Ka5 {[%clk 0:16:37]} Rb3 {[%clk
0:37:04]} 49. Rg7+ {[%clk 0:15:52]} Kd8 {[%clk 0:32:35]} 50. Kb6 {[%clk 0:15:41]}
Rxa3 {[%clk 0:29:43]} 51. Bxb5 {[%clk 0:15:14]} Bxb5 {[%clk 0:29:44]} 52. Kxb5
{[%clk 0:15:39]} Rc3 {[%clk 0:29:52]} 53. Kb6 {[%clk 0:13:05]} Rc4 {[%clk
0:26:54]} 54. Rf7 {[%clk 0:11:47]} Rc3 {[%clk 0:27:10]} 55. Rh7 {[%clk 0:09:43]}
Rc1 {[%clk 0:25:10]} 56. Kb5 {[%clk 0:08:33]} Rc3 {[%clk 0:25:30]} 57. Rg7 {[%clk
0:08:19]} Ke8 {[%clk 0:24:58]} 58. Kb6 {[%clk 0:08:23]} Kd8 {[%clk 0:25:21]} 59.
Rf7 {[%clk 0:05:59]} Rc1 {[%clk 0:20:03]} 60. Kb5 {[%clk 0:04:34]} Rc3 {[%clk
0:19:44]} 61. Kb4 {[%clk 0:04:21]} Re3 {[%clk 0:18:19]} 62. Kc4 {[%clk 0:04:04]}
Ke8 {[%clk 0:17:45]} 63. Rf6 {[%clk 0:01:26]} Ke7 {[%clk 0:18:01]} 64. Re6+
{[%clk 0:01:39]} Kd7 {[%clk 0:18:26]} 65. Rf6 {[%clk 0:01:57]} Ke7 {[%clk
0:18:48]} 66. Rf5 {[%clk 0:01:47]} Ke8 {[%clk 0:18:49]} 67. Kb5 {[%clk 0:00:57]}
Ke7 {[%clk 0:18:11]} 68. Kb4 {[%clk 0:00:51]} Ke8 {[%clk 0:18:11]} 69. Kc4 {[%clk
0:01:16]} Ke7 {[%clk 0:18:31]} 70. Kb5 {[%clk 0:01:33]} Rb3+ {[%clk 0:18:52]} 71.
Kc4 {[%clk 0:01:15]} Re3 {[%clk 0:19:12]} 72. Kb5 {[%clk 0:00:37]} 1/2-1/2

[Event "Baku Chess Olympiad | Open"]
[Site "chess24.com"]
[Date "2016.09.03"]
[Round "2"]
[White "Ng, Tze Han"]
[Black "Alhadad, Mahmoud"]
[Result "1-0"]
[Board "2"]
[WhiteID "5700795"]
[WhiteElo "2190"]
[WhiteCountry "MAS"]
[WhiteFideId "5700795"]
[WhiteEloChange "5"]
[BlackID "11501863"]
[BlackElo "1999"]
[BlackTitle "CM"]
[BlackCountry "PLE"]
[BlackFideId "11501863"]
[BlackEloChange "-5"]

1. d4 {[%clk 1:30:57]} Nf6 {[%clk 1:25:16]} 2. Nf3 {[%clk 1:31:08]} e6 {[%clk
1:24:45]} 3. c4 {[%clk 1:31:23]} c5 {[%clk 1:25:05]} 4. Nc3 {[%clk 1:25:26]} cxd4
{[%clk 1:23:12]} 5. Nxd4 {[%clk 1:25:50]} d5 {[%clk 1:23:16]} 6. cxd5 {[%clk
1:18:51]} Nxd5 {[%clk 1:22:18]} 7. e4 {[%clk 1:16:52]} Nxc3 {[%clk 1:22:34]} 8.
bxc3 {[%clk 1:17:13]} a6 {[%clk 1:19:40]} 9. Bd3 {[%clk 1:01:51]} Bd6 {[%clk
1:15:23]} 10. O-O {[%clk 0:56:36]} Qc7 {[%clk 1:11:03]} 11. f4 {[%clk 0:48:30]}
Qxc3 {[%clk 0:59:55]} 12. Be3 {[%clk 0:45:21]} Qa5 {[%clk 0:55:54]} 13. Kh1
{[%clk 0:41:07]} g6 {[%clk 0:45:17]} 14. f5 {[%clk 0:34:18]} exf5 {[%clk
0:33:16]} 15. exf5 {[%clk 0:31:58]} Nc6 {[%clk 0:23:49]} 16. Nxc6 {[%clk
0:20:22]} bxc6 {[%clk 0:24:14]} 17. Bc4 {[%clk 0:18:17]} Be5 {[%clk 0:14:52]} 18.
fxg6 {[%clk 0:13:32]} f5 {[%clk 0:14:42]} 19. Bf7+ {[%clk 0:13:22]} Ke7 {[%clk
0:13:19]} 20. Bg5+ {[%clk 0:11:09]} Kf8 {[%clk 0:13:30]} 21. Bh6+ {[%clk
0:10:01]} Ke7 {[%clk 0:13:55]} 22. g7 {[%clk 0:06:27]} Kxf7 {[%clk 0:12:10]} 23.
Qh5+ {[%clk 0:06:29]} Ke7 {[%clk 0:10:45]} 24. Bg5+ {[%clk 0:06:44]} Kd6 {[%clk
0:09:17]} 25. Rfd1+ {[%clk 0:06:31]} Ke6 {[%clk 0:08:49]} 26. gxh8Q {[%clk
0:06:32]} 1-0

[Event "Baku Chess Olympiad | Open"]
[Site "chess24.com"]
[Date "2016.09.03"]
[Round "2"]
[White "Salim Issa Ali Shamas"]
[Black "Davy, Damion"]
[Result "0-1"]
[Board "2"]
[WhiteID "22000062"]
[WhiteElo "1932"]
[WhiteTitle "CM"]
[WhiteCountry "OMA"]
[WhiteFideId "22000062"]
[WhiteEloChange "-5"]
[BlackID "7400519"]
[BlackElo "2117"]
[BlackTitle "FM"]
[BlackCountry "JAM"]
[BlackFideId "7400519"]
[BlackEloChange "5"]

1. d4 {[%clk 1:30:42]} Nf6 {[%clk 1:30:58]} 2. Nf3 {[%clk 1:30:59]} d5 {[%clk
1:31:23]} 3. c4 {[%clk 1:30:57]} e6 {[%clk 1:31:48]} 4. Nc3 {[%clk 1:31:02]} Bb4
{[%clk 1:32:02]} 5. cxd5 {[%clk 1:30:22]} exd5 {[%clk 1:32:26]} 6. Bg5 {[%clk
1:30:07]} h6 {[%clk 1:32:50]} 7. Bd2 {[%clk 1:29:52]} O-O {[%clk 1:33:11]} 8. e3
{[%clk 1:30:15]} Bd6 {[%clk 1:31:21]} 9. Bd3 {[%clk 1:30:16]} c5 {[%clk 1:31:44]}
10. O-O {[%clk 1:30:20]} Nc6 {[%clk 1:32:10]} 11. h3 {[%clk 1:30:15]} Re8 {[%clk
1:30:41]} 12. a3 {[%clk 1:30:14]} a6 {[%clk 1:29:56]} 13. Rc1 {[%clk 1:30:22]}
Be6 {[%clk 1:27:08]} 14. dxc5 {[%clk 1:29:58]} Bxc5 {[%clk 1:27:31]} 15. Ne2
{[%clk 1:30:08]} Ba7 {[%clk 1:26:18]} 16. Nf4 {[%clk 1:27:39]} Ne4 {[%clk
1:19:06]} 17. Nxe6 {[%clk 1:25:11]} Rxe6 {[%clk 1:18:36]} 18. Bc3 {[%clk
1:25:09]} Qe7 {[%clk 1:10:00]} 19. Qb3 {[%clk 1:23:51]} Rd8 {[%clk 1:03:50]} 20.
Nd4 {[%clk 1:22:30]} Nxd4 {[%clk 0:58:24]} 21. Bxd4 {[%clk 1:22:40]} Bxd4 {[%clk
0:58:43]} 22. exd4 {[%clk 1:23:02]} Nd2 {[%clk 0:58:39]} 23. Qc3 {[%clk 1:22:45]}
Nxf1 {[%clk 0:58:59]} 24. Rxf1 {[%clk 1:23:07]} g6 {[%clk 0:57:54]} 25. Qd2
{[%clk 1:23:22]} Kg7 {[%clk 0:58:14]} 26. Qa5 {[%clk 1:23:38]} Rd7 {[%clk
0:56:34]} 27. g3 {[%clk 1:22:45]} Qd8 {[%clk 0:55:10]} 28. Qxd8 {[%clk 1:21:36]}
Rxd8 {[%clk 0:55:35]} 29. Rc1 {[%clk 1:21:57]} Rb6 {[%clk 0:53:12]} 30. b4 {[%clk
1:22:05]} Rdd6 {[%clk 0:52:58]} 31. Rc5 {[%clk 1:21:54]} Rbc6 {[%clk 0:52:56]}
32. Kf1 {[%clk 1:21:47]} b6 {[%clk 0:44:51]} 33. Rxc6 {[%clk 1:21:54]} Rxc6
{[%clk 0:45:19]} 34. Bxa6 {[%clk 1:22:13]} Rc3 {[%clk 0:45:44]} 35. Bb7 {[%clk
1:22:12]} Rxa3 {[%clk 0:46:08]} 36. Bxd5 {[%clk 1:22:24]} Rd3 {[%clk 0:46:31]}
37. Bc6 {[%clk 1:22:29]} Rxd4 {[%clk 0:46:58]} 38. b5 {[%clk 1:22:45]} Kf6 {[%clk
0:46:51]} 39. Ke2 {[%clk 1:23:01]} Rc4 {[%clk 0:47:15]} 40. Kd3 {[%clk 1:53:26]}
Rc5 {[%clk 1:17:04]} 41. Kd4 {[%clk 1:53:41]} Ke7 {[%clk 1:16:57]} 42. h4 {[%clk
1:53:29]} Rxc6 {[%clk 1:16:25]} 43. bxc6 {[%clk 1:53:44]} Kd6 {[%clk 1:16:52]}
44. g4 {[%clk 1:53:40]} Kxc6 {[%clk 1:17:16]} 45. f4 {[%clk 1:54:03]} h5 {[%clk
1:16:26]} 46. gxh5 {[%clk 1:53:35]} gxh5 {[%clk 1:16:55]} 47. Ke5 {[%clk
1:53:50]} b5 {[%clk 1:17:01]} 48. Kf6 {[%clk 1:54:07]} b4 {[%clk 1:17:27]} 49.
Kxf7 {[%clk 1:54:06]} b3 {[%clk 1:17:56]} 50. Kg7 {[%clk 1:53:10]} b2 {[%clk
1:18:19]} 51. f5 {[%clk 1:53:36]} b1Q {[%clk 1:18:45]} 52. f6 {[%clk 1:52:29]}
Qg1+ {[%clk 1:19:09]} 53. Kh6 {[%clk 1:51:50]} Kd7 {[%clk 1:19:30]} 54. f7 {[%clk
1:50:39]} Ke7 {[%clk 1:16:49]} 55. f8Q+ {[%clk 1:49:32]} Kxf8 {[%clk 1:17:13]}
56. Kxh5 {[%clk 1:49:31]} Kf7 {[%clk 1:17:20]} 0-1

[Event "Baku Chess Olympiad | Open"]
[Site "chess24.com"]
[Date "2016.09.03"]
[Round "2"]
[White "Leon, Orlando"]
[Black "Monnaatsheko, Keletshabile"]
[Result "1-0"]
[Board "4"]
[WhiteID "6600913"]
[WhiteElo "2060"]
[WhiteCountry "PAN"]
[WhiteFideId "6600913"]
[WhiteEloChange "8"]
[BlackID "11302941"]
[BlackElo "1988"]
[BlackCountry "BOT"]
[BlackFideId "11302941"]
[BlackEloChange "-8"]

1. e4 {[%clk 1:30:48]} e6 {[%clk 1:30:55]} 2. d4 {[%clk 1:30:54]} d5 {[%clk
1:31:15]} 3. Nc3 {[%clk 1:31:08]} Bb4 {[%clk 1:31:25]} 4. Ne2 {[%clk 1:30:36]}
Nf6 {[%clk 1:29:47]} 5. e5 {[%clk 1:28:40]} Nfd7 {[%clk 1:30:01]} 6. a3 {[%clk
1:28:27]} Be7 {[%clk 1:30:19]} 7. Be3 {[%clk 1:24:35]} c5 {[%clk 1:29:30]} 8. f4
{[%clk 1:23:58]} O-O {[%clk 1:25:35]} 9. Qd2 {[%clk 1:21:28]} Nc6 {[%clk
1:24:35]} 10. g3 {[%clk 1:19:58]} b6 {[%clk 1:19:07]} 11. Bh3 {[%clk 1:17:07]}
cxd4 {[%clk 1:10:59]} 12. Nxd4 {[%clk 1:17:26]} Nxd4 {[%clk 1:11:10]} 13. Bxd4
{[%clk 1:17:15]} g6 {[%clk 1:03:55]} 14. O-O {[%clk 1:13:50]} Ba6 {[%clk
1:03:30]} 15. Rf2 {[%clk 1:12:01]} Nb8 {[%clk 1:03:26]} 16. Be3 {[%clk 0:58:30]}
Nc6 {[%clk 1:01:54]} 17. Ne2 {[%clk 0:58:38]} Na5 {[%clk 0:56:15]} 18. b3 {[%clk
0:57:39]} Rc8 {[%clk 0:56:07]} 19. Nd4 {[%clk 0:55:28]} Qd7 {[%clk 0:53:37]} 20.
f5 {[%clk 0:50:05]} exf5 {[%clk 0:48:37]} 21. Nxf5 {[%clk 0:50:07]} gxf5 {[%clk
0:46:24]} 22. Bxf5 {[%clk 0:49:50]} Qc6 {[%clk 0:45:55]} 23. Bg5 {[%clk 0:41:07]}
f6 {[%clk 0:39:09]} 24. Bxc8 {[%clk 0:36:37]} Bxc8 {[%clk 0:37:45]} 25. Bxf6
{[%clk 0:35:48]} Bxf6 {[%clk 0:35:30]} 26. exf6 {[%clk 0:36:00]} Rf7 {[%clk
0:20:31]} 27. Re1 {[%clk 0:34:37]} d4 {[%clk 0:12:32]} 28. Qg5+ {[%clk 0:32:20]}
Kf8 {[%clk 0:06:50]} 29. Re7 {[%clk 0:28:25]} d3 {[%clk 0:03:41]} 30. Rxf7+
{[%clk 0:13:17]} Kxf7 {[%clk 0:04:08]} 31. c4 {[%clk 0:11:27]} Qc5 {[%clk
0:01:20]} 32. Qg7+ {[%clk 0:09:48]} Ke6 {[%clk 0:01:48]} 33. Qxh7 {[%clk
0:08:12]} d2 {[%clk 0:01:19]} 34. Qd3 {[%clk 0:05:16]} Qd6 {[%clk 0:00:47]} 35.
Qe3+ {[%clk 0:04:45]} Qe5 {[%clk 0:00:46]} 36. Qxd2 {[%clk 0:05:10]} Nxb3 {[%clk
0:00:54]} 37. Qd1 {[%clk 0:04:07]} Kf7 {[%clk 0:00:42]} 38. Qxb3 {[%clk 0:03:44]}
Qa1+ {[%clk 0:01:04]} 39. Kg2 {[%clk 0:03:21]} Bb7+ {[%clk 0:01:33]} 40. Kh3
{[%clk 0:33:38]} Qe5 {[%clk 0:31:11]} 41. g4 {[%clk 0:31:41]} Bc8 {[%clk
0:31:06]} 42. Qf3 {[%clk 0:31:13]} Be6 {[%clk 0:26:47]} 43. Qb7+ {[%clk 0:31:19]}
1-0

[Event "Baku Chess Olympiad | Open"]
[Site "chess24.com"]
[Date "2016.09.03"]
[Round "2"]
[White "Chunguane, Ilidio Alberto"]
[Black "Iclicki, Willy"]
[Result "1-0"]
[Board "3"]
[WhiteID "14800276"]
[WhiteElo "2034"]
[WhiteCountry "MOZ"]
[WhiteFideId "14800276"]
[WhiteEloChange "8"]
[BlackID "200450"]
[BlackElo "1963"]
[BlackCountry "LIE"]
[BlackFideId "200450"]
[BlackEloChange "-8"]

1. d4 {[%clk 1:30:53]} d5 {[%clk 1:30:30]} 2. c4 {[%clk 1:31:07]} c6 {[%clk
1:30:51]} 3. Nc3 {[%clk 1:31:10]} Nf6 {[%clk 1:31:03]} 4. Nf3 {[%clk 1:29:29]} e6
{[%clk 1:30:39]} 5. c5 {[%clk 1:29:01]} b6 {[%clk 1:20:18]} 6. cxb6 {[%clk
1:28:45]} axb6 {[%clk 1:20:21]} 7. Bg5 {[%clk 1:28:00]} Be7 {[%clk 1:20:16]} 8.
e3 {[%clk 1:27:41]} O-O {[%clk 1:20:02]} 9. Be2 {[%clk 1:27:24]} Nbd7 {[%clk
1:17:15]} 10. O-O {[%clk 1:26:52]} c5 {[%clk 1:08:00]} 11. Nb5 {[%clk 1:23:41]}
Ba6 {[%clk 0:59:45]} 12. a4 {[%clk 1:10:55]} h6 {[%clk 0:51:34]} 13. Bf4 {[%clk
1:06:31]} Bxb5 {[%clk 0:51:34]} 14. Bxb5 {[%clk 1:06:49]} Ne4 {[%clk 0:42:38]}
15. Ne5 {[%clk 0:59:12]} Nxe5 {[%clk 0:39:46]} 16. Bxe5 {[%clk 0:59:10]} Bf6
{[%clk 0:22:27]} 17. f4 {[%clk 0:41:18]} c4 {[%clk 0:21:53]} 18. Rc1 {[%clk
0:40:50]} Nd6 {[%clk 0:21:01]} 19. Bxd6 {[%clk 0:38:44]} Qxd6 {[%clk 0:21:24]}
20. b3 {[%clk 0:38:59]} cxb3 {[%clk 0:18:47]} 21. Qxb3 {[%clk 0:38:01]} Rfc8
{[%clk 0:18:28]} 22. Rc3 {[%clk 0:35:57]} Rc7 {[%clk 0:14:11]} 23. Rfc1 {[%clk
0:26:24]} Rac8 {[%clk 0:12:33]} 24. Rxc7 {[%clk 0:22:35]} Rxc7 {[%clk 0:12:47]}
25. Rb1 {[%clk 0:21:48]} g5 {[%clk 0:09:33]} 26. g3 {[%clk 0:21:31]} Be7 {[%clk
0:06:35]} 27. Bd3 {[%clk 0:10:38]} Qa3 {[%clk 0:03:59]} 28. Qxa3 {[%clk 0:09:40]}
Bxa3 {[%clk 0:04:27]} 29. Rxb6 {[%clk 0:07:54]} Rc3 {[%clk 0:03:52]} 30. a5
{[%clk 0:06:37]} Bc1 {[%clk 0:03:06]} 31. a6 {[%clk 0:00:55]} Bxe3+ {[%clk
0:03:05]} 32. Kf1 {[%clk 0:01:22]} Bxd4 {[%clk 0:03:10]} 33. a7 {[%clk 0:01:09]}
Ra3 {[%clk 0:01:04]} 34. Rb8+ {[%clk 0:01:16]} Kg7 {[%clk 0:01:34]} 35. a8Q
{[%clk 0:01:03]} Rxa8 {[%clk 0:01:58]} 36. Rxa8 {[%clk 0:01:19]} gxf4 {[%clk
0:02:11]} 37. gxf4 {[%clk 0:01:23]} Be3 {[%clk 0:02:25]} 38. f5 {[%clk 0:00:44]}
Kf6 {[%clk 0:02:11]} 39. fxe6 {[%clk 0:00:42]} fxe6 {[%clk 0:02:36]} 40. Ke2
{[%clk 0:30:43]} Bg5 {[%clk 0:32:56]} 41. Ra6 {[%clk 0:28:00]} Ke5 {[%clk
0:32:09]} 42. Bh7 {[%clk 0:27:44]} Be7 {[%clk 0:31:36]} 43. Bg8 {[%clk 0:24:49]}
Bd6 {[%clk 0:30:40]} 44. h3 {[%clk 0:23:48]} h5 {[%clk 0:30:19]} 45. Kd3 {[%clk
0:24:10]} h4 {[%clk 0:29:37]} 46. Rb6 {[%clk 0:21:30]} d4 {[%clk 0:17:21]} 47.
Ra6 {[%clk 0:19:04]} 1-0

[Event "Baku Chess Olympiad | Open"]
[Site "chess24.com"]
[Date "2016.09.03"]
[Round "2"]
[White "Antoniou, Antonis"]
[Black "Liu, Yeh Yang"]
[Result "1-0"]
[Board "3"]
[WhiteID "5900123"]
[WhiteElo "2172"]
[WhiteTitle "FM"]
[WhiteCountry "CYP"]
[WhiteFideId "5900123"]
[WhiteEloChange "6"]
[BlackID "16300416"]
[BlackElo "2009"]
[BlackCountry "TPE"]
[BlackFideId "16300416"]
[BlackEloChange "-6"]

1. e4 {[%clk 1:30:58]} c5 {[%clk 1:30:57]} 2. Nf3 {[%clk 1:31:24]} Nc6 {[%clk
1:31:24]} 3. Bb5 {[%clk 1:31:50]} Nf6 {[%clk 1:31:33]} 4. Bxc6 {[%clk 1:32:11]}
bxc6 {[%clk 1:31:50]} 5. d3 {[%clk 1:29:06]} g6 {[%clk 1:31:41]} 6. O-O {[%clk
1:29:25]} Bg7 {[%clk 1:32:10]} 7. Nc3 {[%clk 1:28:00]} O-O {[%clk 1:32:33]} 8.
Be3 {[%clk 1:22:36]} d6 {[%clk 1:32:21]} 9. h3 {[%clk 1:22:08]} Rb8 {[%clk
1:32:24]} 10. Rb1 {[%clk 1:19:18]} e5 {[%clk 1:32:17]} 11. Qd2 {[%clk 1:15:14]}
Ne8 {[%clk 1:27:12]} 12. Nh2 {[%clk 1:07:50]} f5 {[%clk 1:21:31]} 13. exf5 {[%clk
1:04:23]} Bxf5 {[%clk 1:19:04]} 14. Ne2 {[%clk 0:59:39]} Nf6 {[%clk 1:17:53]} 15.
b3 {[%clk 0:44:54]} Nd5 {[%clk 1:15:35]} 16. Bg5 {[%clk 0:44:47]} Qb6 {[%clk
1:12:59]} 17. Ng4 {[%clk 0:39:04]} Bxg4 {[%clk 1:11:28]} 18. hxg4 {[%clk
0:39:14]} Rf7 {[%clk 1:11:29]} 19. Nc3 {[%clk 0:22:39]} Nf4 {[%clk 1:07:53]} 20.
Bxf4 {[%clk 0:18:22]} Rxf4 {[%clk 1:08:17]} 21. f3 {[%clk 0:17:04]} c4+ {[%clk
1:07:39]} 22. Kh2 {[%clk 0:08:45]} cxd3 {[%clk 1:07:00]} 23. Qxd3 {[%clk
0:08:47]} Rd4 {[%clk 1:04:59]} 24. Qe3 {[%clk 0:06:46]} d5 {[%clk 0:53:16]} 25.
Ne2 {[%clk 0:06:42]} Rb4 {[%clk 0:53:40]} 26. Qxb6 {[%clk 0:03:48]} axb6 {[%clk
0:54:08]} 27. a4 {[%clk 0:02:55]} d4 {[%clk 0:41:55]} 28. Nc1 {[%clk 0:03:21]} d3
{[%clk 0:42:24]} 29. Nxd3 {[%clk 0:01:30]} Rd4 {[%clk 0:42:51]} 30. Rbe1 {[%clk
0:01:20]} Re8 {[%clk 0:42:56]} 31. Re2 {[%clk 0:01:08]} c5 {[%clk 0:39:22]} 32.
Rfe1 {[%clk 0:01:11]} c4 {[%clk 0:39:02]} 33. Nxe5 {[%clk 0:00:41]} cxb3 {[%clk
0:39:24]} 34. cxb3 {[%clk 0:01:09]} Rb4 {[%clk 0:39:20]} 35. Nc4 {[%clk 0:00:34]}
Rxe2 {[%clk 0:39:05]} 36. Rxe2 {[%clk 0:01:03]} Rxb3 {[%clk 0:39:28]} 37. Re6
{[%clk 0:00:36]} Bd4 {[%clk 0:39:37]} 38. a5 {[%clk 0:00:34]} bxa5 {[%clk
0:33:07]} 39. Nxa5 {[%clk 0:01:02]} Kf7 {[%clk 0:33:20]} 40. Nxb3 {[%clk
0:31:22]} Kxe6 {[%clk 1:02:21]} 41. Nxd4+ {[%clk 0:31:50]} Kd5 {[%clk 1:02:43]}
42. Ne2 {[%clk 0:29:25]} Ke5 {[%clk 1:03:08]} 43. Kg3 {[%clk 0:29:01]} g5 {[%clk
1:03:22]} 44. Kf2 {[%clk 0:29:25]} Kd5 {[%clk 1:02:44]} 45. Ke3 {[%clk 0:29:40]}
Ke5 {[%clk 1:03:11]} 46. Nc3 {[%clk 0:29:43]} h6 {[%clk 1:03:34]} 47. g3 {[%clk
0:30:09]} Ke6 {[%clk 1:03:51]} 48. Ke4 {[%clk 0:30:34]} Kf6 {[%clk 1:04:15]} 49.
Kd5 {[%clk 0:30:03]} Kf7 {[%clk 1:04:30]} 50. Ke5 {[%clk 0:30:25]} Ke7 {[%clk
1:04:46]} 51. Kf5 {[%clk 0:30:46]} Kf7 {[%clk 1:05:15]} 52. Nd5 {[%clk 0:30:56]}
Kg7 {[%clk 1:05:43]} 53. Nf6 {[%clk 0:31:15]} Kf7 {[%clk 1:04:38]} 54. Nh5 {[%clk
0:30:04]} Kg8 {[%clk 1:04:47]} 55. Kg6 {[%clk 0:30:25]} Kh8 {[%clk 1:03:47]} 56.
Kxh6 {[%clk 0:30:42]} Kg8 {[%clk 1:04:07]} 57. Kxg5 {[%clk 0:31:03]} Kh7 {[%clk
1:04:33]} 58. f4 {[%clk 0:31:26]} Kg8 {[%clk 1:05:00]} 59. Kg6 {[%clk 0:31:45]}
Kh8 {[%clk 1:05:27]} 60. f5 {[%clk 0:32:00]} Kg8 {[%clk 1:05:14]} 61. f6 {[%clk
0:32:22]} Kh8 {[%clk 1:05:38]} 62. g5 {[%clk 0:32:42]} Kg8 {[%clk 1:06:01]} 63.
f7+ {[%clk 0:32:56]} Kf8 {[%clk 1:06:24]} 64. Nf6 {[%clk 0:33:08]} Ke7 {[%clk
1:06:49]} 65. g4 {[%clk 0:33:07]} Kf8 {[%clk 1:07:03]} 66. Nh7+ {[%clk 0:33:27]}
Ke7 {[%clk 1:07:26]} 67. f8Q+ {[%clk 0:33:48]} Ke6 {[%clk 1:07:50]} 68. Qc5
{[%clk 0:33:06]} Kd7 {[%clk 1:08:19]} 69. Kf7 {[%clk 0:32:46]} Kd8 {[%clk
1:08:46]} 70. Qe7+ {[%clk 0:33:02]} Kc8 {[%clk 1:09:15]} 71. g6 {[%clk 0:33:19]}
Kb8 {[%clk 1:08:29]} 72. g7 {[%clk 0:33:34]} 1-0